Economic support for national health for all strategies. (Record no. 2742)

000 -LEADER
fixed length control field 00911nam a22002177a 4500
003 - CONTROL NUMBER IDENTIFIER
control field OSt
005 - DATE AND TIME OF LATEST TRANSACTION
control field 20210719084336.0
008 - FIXED-LENGTH DATA ELEMENTS--GENERAL INFORMATION
fixed length control field 890516s1988 sz i000 0 eng
020 ## - INTERNATIONAL STANDARD BOOK NUMBER
International Standard Book Number 924156122X
040 ## - CATALOGING SOURCE
Transcribing agency ALUPE UNIVERSITY
050 00 - LIBRARY OF CONGRESS CALL NUMBER
Classification number RA410
Item number .E3 1988
245 00 - TITLE STATEMENT
Title Economic support for national health for all strategies.
260 ## - PUBLICATION, DISTRIBUTION, ETC.
Place of publication, distribution, etc. Geneva :
Name of publisher, distributor, etc. World Health Organization ;
Place of publication, distribution, etc. Albany, NY :
Name of publisher, distributor, etc. WHO Publications Center USA [distributor],
Date of publication, distribution, etc. 1988.
300 ## - PHYSICAL DESCRIPTION
Extent 141 p. ;
Dimensions 24 cm.
500 ## - GENERAL NOTE
General note "Contains the background document and recommendations resulting from the technical discussions at the fortieth World Health Assembly in May 1987"--P. 4 of cover.
504 ## - BIBLIOGRAPHY, ETC. NOTE
Bibliography, etc. note Includes bibliographical references (p. 131-136).
711 2# - ADDED ENTRY--MEETING NAME
Number of part/section/meeting (40th :
Date of meeting or treaty signing 1987 :
906 ## - LOCAL DATA ELEMENT F, LDF (RLIN)
a 7
b cbc
c orignew
d 2
e ncip
f 19
g y-gencatlg
942 ## - ADDED ENTRY ELEMENTS (KOHA)
Source of classification or shelving scheme
Koha item type Book
Suppress in OPAC PW
Holdings
Withdrawn status Lost status Source of classification or shelving scheme Damaged status Not for loan Permanent Location Current Location Shelving location Date acquired Source of acquisition Total Checkouts Full call number Barcode Date last seen Price effective from Koha item type Public note
          AU LIBRARY AU LIBRARY Open Shelf 19.07.2021 DONATION FROM MOI UNIVERSITY   RA410 .E3 1988 28002142 19.07.2021 19.07.2021 Book PW

Powered by Koha